| 000 | 00376pam a2200157a 44500 | ||
|---|---|---|---|
| 008 | 230515b2004 xxu||||| |||| 00| 0 eng d | ||
| 020 | _aNULL | ||
| 041 | _aENGLISH | ||
| 082 | _a660.2815 | ||
| 100 | _aHOUGEN O A | ||
| 245 | _aCHEMICAL PROCESS PRINCIPLES | ||
| 250 | _aNULL | ||
| 260 |
_aDELHI _bCBA PUBLISHERS AND DISTRIBUTORS _c2004 |
||
| 300 | _a1072 | ||
| 650 | _aNULL | ||
| 999 |
_c659809 _d659809 |
||